Statistiques concernant Pokémon - Les formes finales les plus faibles

Cliquez ici pour prendre le quiz!

Statistiques générales

  • Ce quiz a été pris 148 fois
    (33 depuis la dernière actualisation)
  • Le résultat moyen est 20 sur 51

Statistiques - réponses

ClassementPokémon% Correct
14Dardargnan
84%
13Papilusion
84%
12Coxyclaque
79%
11Papinox
79%
15Charmillon
74%
16Migalos
68%
39Cheniselle
63%
31Fouinar
63%
40Papilord
63%
51Lumivole
58%
10Mélokrik
58%
50Muciole
58%
26Castorno
53%
2Queulorior
53%
20Qulbutoke
53%
30Rattatac
53%
3Métamorph
47%
37Miradar
47%
1Munja
47%
19Parasect
47%
36Morphéo
42%
22Négapi
42%
21Posipi
42%
6Zarbi
42%
4Cadoizo
37%
17Delcatty
37%
44Héliatronc
37%
23Pachirisu
37%
29Prismillon
37%
27Concombaffe
32%
46Emolga
32%
5Lovdisc
32%
47Maraiste
32%
9Mysdibule
32%
7Spinda
32%
32Argouste
26%
33Azumarill
26%
35Grahyena
26%
25Simularbre
26%
8Ténéfix
26%
38Excavarenne
21%
28Pijako
21%
42Triopikeau
21%
24Lampignon
16%
45Rhinolove
16%
34Tapatoes
16%
41Triopikeur
11%
49Volcaropod
11%
43Ossatueur
5%
48Terraiste
5%
18Filentrappe
0%

Distribution des résultats

Percentile par nombre de réponses

% des personnes avec chaque résultat

Votre développement - résultats

Vous n’avez pas pris ce quiz depuis la dernière actualisation